Geography Quiz

Random Geography or State Quiz

US States in Squares Quiz Stats

 Plays Quiz Updated Jun 15, 2018

Challenge
Share
Tweet
Score 0/23 Timer 02:00
5 Plays Today
% Correct
TX
85.5%
CA, ID, NV, OR, UT
84.2%
ID, OR, WA
84%
CT, DE, ME, MD, MA, etc
84%
AL, FL, GA
84%
ID, MT
83.6%
CO, ID, MT, NV, UT, WY
82.6%
NC, SC, VA
81.9%
AZ, CO, NM, TX, UT
81.9%
AL, GA, IN, KY, NC, etc
81.7%
None
81.7%
IL, IN, IA, KS, MI, etc
81.6%
% Correct
MN, MT, ND
81.1%
ME, NH, NY, VT
80.9%
AL, AR, IL, IN, KS, etc
80.7%
CO, IA, KS, MN, etc
79.9%
MI, MN, WI
79.5%
AZ, CA, NV, UT
79.4%
IN, KY, MD, MI, NY, etc
79.4%
FL
79.3%
AL, LA, MS, TX
77.9%
CO, KS, NM, OK, TX
77.1%
MI
76.8%

You're not logged in!

Compare scores with friends on all Sporcle quizzes.
OR
Log In

You Might Also Like...

Show Comments

Extras

Top Quizzes Today


Score Distribution

Your Account Isn't Verified!

In order to create a playlist on Sporcle, you need to verify the email address you used during registration. Go to your Sporcle Settings to finish the process.

Report this User

Report this user for behavior that violates our Community Guidelines.

Details: